[Event "Junior Online 4NCL Division 3"]
[Site "online"]
[Date "2020.09.03"]
[Round "2.11"]
[White "Stokes, Matthew"]
[Black "de Villiers, Alex"]
[Result "1-0"]
[WhiteElo "955"]
[BlackElo "1225"]
[PlyCount "115"]
[EventDate "2020.09.03"]
[WhiteTeam "Friar Tucks"]
[BlackTeam "Surbiton Juniors C"]

1. d4 e6 2. c4 d5 3. Nf3 dxc4 4. e3 Nf6 5. Bxc4 Be7 6. Nc3 O-O 7. O-O Na6 8. b3
Bb4 9. Qc2 Bxc3 10. Qxc3 Bd7 11. Qd3 Nb4 12. Qe2 a6 13. Ba3 Qe7 14. Qd2 a5 15.
Ne5 Ne4 16. Qc2 Nxc2 17. Bxe7 Nxa1 18. Bxf8 Nf6 19. Ba3 Nc2 20. Bb2 Nb4 21. a3
Nbd5 22. Rc1 Rc8 23. h4 b5 24. Bxd5 exd5 25. f3 a4 26. b4 Be8 27. g4 g6 28. g5
Nh5 29. Kg2 f6 30. gxf6 Nxf6 31. Rc6 Bxc6 32. Nxc6 Re8 33. Kf2 Re6 34. Nd8 Re8
35. Nb7 Rb8 36. Nc5 Re8 37. Ke2 Nh5 38. Kd3 Ng3 39. e4 dxe4+ 40. fxe4 h6 41. d5
g5 42. hxg5 hxg5 43. Bc1 g4 44. Bf4 Nh5 45. Ke3 Nxf4 46. Kxf4 Rf8+ 47. Kxg4 Kg7
48. Ne6+ Kf7 49. Nxf8 Kxf8 50. e5 Ke7 51. Kf5 Kd7 52. e6+ Ke7 53. Ke5 Ke8 54.
Kf6 Kf8 55. e7+ Ke8 56. Ke6 c6 57. d6 c5 58. d7# 1-0

[Event "Junior Online 4NCL Division 3"]
[Site "online"]
[Date "2020.09.03"]
[Round "2.12"]
[White "Holben, Joseph"]
[Black "Tumurugoti, Vaed"]
[Result "1-0"]
[WhiteElo "1225"]
[BlackElo "880"]
[PlyCount "85"]
[EventDate "2020.09.03"]
[WhiteTeam "Surbiton Juniors C"]
[BlackTeam "Friar Tucks"]

1. e4 e5 2. Nf3 Nc6 3. Bc4 b5 4. Bxb5 Bb7 5. Nc3 Bc5 6. d3 h6 7. Na4 a6 8. Bxc6
Bb4+ 9. c3 Bxc6 10. cxb4 Qe7 11. a3 a5 12. Bd2 Rb8 13. bxa5 Bxa4 14. Qxa4 Nf6
15. a6 O-O 16. Bb4 c5 17. Bc3 Ra8 18. Nxe5 Qe6 19. O-O Rfb8 20. Rac1 Rxa6 21.
Qc2 d6 22. Nc4 d5 23. Ne5 d4 24. Bd2 Qxe5 25. f4 Qe6 26. Qxc5 Nd7 27. Qxd4 Ra4
28. Qxa4 Nb6 29. Qa7 Qd6 30. e5 Qd4+ 31. Kh1 Ra8 32. Qb7 Qd8 33. Be3 Rb8 34.
Qe4 g6 35. f5 Qd7 36. fxg6 f5 37. Rxf5 Qb5 38. e6 Nd7 39. Rxb5 Rxb5 40. exd7
Rb8 41. Qe6+ Kg7 42. Qf7+ Kh8 43. Qh7# 1-0

[Event "Junior Online 4NCL Division 3"]
[Site "online"]
[Date "2020.09.03"]
[Round "2.13"]
[White "Brown, William"]
[Black "Bogerd, Ethan"]
[Result "0-1"]
[WhiteElo "790"]
[BlackElo "1187"]
[PlyCount "62"]
[EventDate "2020.09.03"]
[WhiteTeam "Friar Tucks"]
[BlackTeam "Surbiton Juniors C"]

1. e4 c6 2. d4 d5 3. exd5 cxd5 4. Nf3 Bf5 5. Nc3 Nc6 6. Bb5 a6 7. Bxc6+ bxc6 8.
Nh4 Bd7 9. O-O h6 10. Nf3 Bg4 11. Be3 Bxf3 12. Qxf3 e6 13. Qh5 Nf6 14. Qh4 Be7
15. Bf4 Ne4 16. Qg4 f5 17. Qxg7 Bf6 18. Bc7 Bxg7 19. Bxd8 Rxd8 20. f3 Nd6 21.
Rae1 Kd7 22. g4 Bxd4+ 23. Kh1 fxg4 24. fxg4 Rhg8 25. Rf4 Be5 26. Rb4 Bxc3 27.
bxc3 Nc4 28. Rb7+ Kd6 29. Ra7 Rxg4 30. Rxa6 Rdg8 31. Rg1 Rxg1# 0-1

[Event "Junior Online 4NCL Division 3"]
[Site "online"]
[Date "2020.09.03"]
[Round "2.15"]
[White "de Villiers, Alex"]
[Black "Stokes, Matthew"]
[Result "1-0"]
[WhiteElo "1225"]
[BlackElo "955"]
[PlyCount "141"]
[EventDate "2020.09.03"]
[WhiteTeam "Surbiton Juniors C"]
[BlackTeam "Friar Tucks"]

1. e4 d5 2. exd5 Qxd5 3. Be2 e5 4. Nc3 Qd8 5. Nf3 Nc6 6. O-O Nf6 7. Re1 Be6 8.
Bd3 Bc5 9. Nxe5 Nxe5 10. Rxe5 Qd4 11. Re4 Qxf2+ 12. Kh1 Nxe4 13. Bxe4 Rd8 14.
Bxb7 Rb8 15. Bc6+ Bd7 16. Bxd7+ Kxd7 17. Ne4 Qf5 18. Nxc5+ Qxc5 19. Qg4+ f5 20.
Qxg7+ Qe7 21. Qd4+ Kc8 22. Qxa7 Qe1+ 23. Qg1 Qe2 24. b3 Rg8 25. g3 Qe4+ 26. Qg2
Qxg2+ 27. Kxg2 Re8 28. Kg1 Kd7 29. Kf2 Re5 30. Bb2 Re6 31. Kf3 Rbe8 32. Kf4
Re4+ 33. Kxf5 Re2 34. Bc3 Rf8+ 35. Kg4 Rxh2 36. Bb4 Rg8+ 37. Kf3 Rh3 38. Rg1
Rg7 39. Bc3 Rf7+ 40. Kg4 Rh6 41. a4 Rg6+ 42. Kh4 Rf5 43. g4 Rfg5 44. b4 Ke6 45.
a5 Kd6 46. a6 Kc6 47. a7 Kb7 48. Bd4 Ka8 49. c4 c6 50. Be3 Re5 51. Bf2 Rf6 52.
Bd4 Rh6+ 53. Kg3 Re4 54. Be3 Rg6 55. Kh4 Rh6+ 56. Bxh6 Rxc4 57. Be3 Rxb4 58.
Rf1 Rb5 59. Rf8+ Kb7 60. Rb8+ Ka6 61. Rxb5 Kxb5 62. a8=Q c5 63. Qb7+ Kc4 64.
Qxh7 Kd5 65. Qf5+ Kd6 66. Qxc5+ Ke6 67. g5 Kf7 68. Qd6 Kg7 69. Bd4+ Kh7 70. g6+
Kg8 71. Qd8# 1-0

[Event "Junior Online 4NCL Division 3"]
[Site "online"]
[Date "2020.09.03"]
[Round "2.16"]
[White "Tumurugoti, Vaed"]
[Black "Holben, Joseph"]
[Result "0-1"]
[WhiteElo "880"]
[BlackElo "1225"]
[PlyCount "62"]
[EventDate "2020.09.03"]
[WhiteTeam "Friar Tucks"]
[BlackTeam "Surbiton Juniors C"]

1. e4 e5 2. Bc4 Bc5 3. Nf3 Nc6 4. d3 h6 5. Nc3 Nf6 6. O-O d6 7. d4 exd4 8. e5
dxe5 9. Bb5 O-O 10. Bxc6 bxc6 11. Re1 Re8 12. Na4 Bd6 13. c4 c5 14. b4 e4 15.
bxc5 Bf8 16. Nxd4 Bb7 17. c6 Ba6 18. Re3 Bxc4 19. Ba3 Bxa3 20. Rxa3 Nd5 21. Rc1
Ba6 22. Nc5 Bc8 23. h3 Qg5 24. g4 e3 25. Rc2 Nf4 26. Nf3 Nxh3+ 27. Kh1 Qxg4 28.
Nh2 Qxd1+ 29. Kg2 Qxc2 30. Rxe3 Qxf2+ 31. Kh1 Qg1# 0-1

[Event "Junior Online 4NCL Division 3"]
[Site "online"]
[Date "2020.09.03"]
[Round "2.17"]
[White "Bogerd, Ethan"]
[Black "Brown, William"]
[Result "1-0"]
[WhiteElo "1187"]
[BlackElo "790"]
[PlyCount "53"]
[EventDate "2020.09.03"]
[WhiteTeam "Surbiton Juniors C"]
[BlackTeam "Friar Tucks"]

1. d4 e6 2. Nf3 Nc6 3. Bf4 d5 4. Nc3 Nf6 5. Nb5 Bd7 6. Nxc7+ Qxc7 7. Bxc7 Ne4
8. a3 b5 9. e3 Nxf2 10. Kxf2 Nxd4 11. exd4 Rc8 12. Bg3 Bd6 13. Bxd6 Bc6 14. Ne5
f6 15. Nxc6 Rxc6 16. Bg3 O-O 17. Bxb5 Rb6 18. a4 a6 19. Be2 Rc6 20. b4 a5 21.
Bb5 Rb6 22. bxa5 Rb7 23. a6 Rb6 24. a7 Re8 25. Bxe8 Rb4 26. a8=Q Rb8 27. Qxb8
1-0

[Event "Junior Online 4NCL Division 3"]
[Site "online"]
[Date "2020.09.03"]
[Round "2.22"]
[White "Horwood, Alexander"]
[Black "Haddow, Dylan"]
[Result "0-1"]
[WhiteElo "1000"]
[BlackElo "846"]
[PlyCount "42"]
[EventDate "2020.09.03"]
[WhiteTeam "Harrow Juniors F"]
[BlackTeam "Border Bandits 2"]

1. e4 e5 2. Nf3 Nc6 3. Nc3 Nf6 4. Bb5 Bc5 5. Nxe5 Bxf2+ 6. Kxf2 Nxe5 7. d4
Nfg4+ 8. Kg3 a6 9. Ba4 Nc4 10. d5 b5 11. Kxg4 d6+ 12. Kf3 Ne5+ 13. Kf4 Qf6+ 14.
Ke3 Bg4 15. Qd4 c5 16. Qd3 Nxd3 17. cxd3 Qd4+ 18. Kd2 Qf2+ 19. Ne2 Qxe2+ 20.
Kc3 bxa4 21. Kc4 Qc2# 0-1

[Event "Junior Online 4NCL Division 3"]
[Site "online"]
[Date "2020.09.03"]
[Round "2.23"]
[White "Siddall, George"]
[Black "Kulkarni, Bandish"]
[Result "0-1"]
[WhiteElo "708"]
[BlackElo "700"]
[PlyCount "48"]
[EventDate "2020.09.03"]
[WhiteTeam "Border Bandits 2"]
[BlackTeam "Harrow Juniors F"]

1. e4 e5 2. Nf3 Nc6 3. Bc4 b6 4. O-O Bb7 5. Nc3 Bc5 6. Nxe5 Nxe5 7. d4 Nxc4 8.
dxc5 bxc5 9. Re1 Qh4 10. g3 Qh3 11. Nd5 O-O-O 12. Qd3 Nh6 13. g4 Qxg4+ 14. Kf1
Qh5 15. Ne7+ Kb8 16. Qxc4 Qxh2 17. Ke2 Ng4 18. Qxc5 Qg2 19. Be3 c6 20. Bf4+ Ka8
21. Red1 Qxe4+ 22. Kf1 Ba6+ 23. Kg1 Qxf4 24. Rd4 Qh2# 0-1

[Event "Junior Online 4NCL Division 3"]
[Site "online"]
[Date "2020.09.03"]
[Round "2.24"]
[White "Parikh, Aadhya"]
[Black "Rees, Jack"]
[Result "1/2-1/2"]
[WhiteElo "700"]
[BlackElo "653"]
[PlyCount "113"]
[EventDate "2020.09.03"]
[WhiteTeam "Harrow Juniors F"]
[BlackTeam "Border Bandits 2"]

1. d4 d5 2. Nf3 Nf6 3. Nc3 Nc6 4. Bg5 Bg4 5. e3 a5 6. Bb5 a4 7. Bxc6+ bxc6 8.
Bxf6 gxf6 9. O-O Rb8 10. Nxa4 Ra8 11. Nc5 Qd6 12. Nb7 Qb4 13. Nc5 Qb8 14. a4 e6
15. a5 Qxb2 16. Rb1 Qb8 17. Rxb8+ Rxb8 18. Na6 Ra8 19. Nxc7+ Kd8 20. Nxa8 Bb4
21. Ne5 Ke7 22. Nxg4 Bxa5 23. Qa1 Rxa8 24. Nh6 f5 25. Qe1 Bxe1 26. Rxe1 Ra2 27.
Rb1 Rxc2 28. g4 fxg4 29. Nxg4 f5 30. Nh6 e5 31. Nxf5+ Ke6 32. Ng7+ Kf6 33. Ne8+
Ke7 34. Ng7 exd4 35. Nf5+ Ke6 36. Nxd4+ Ke5 37. Nxc6+ Ke4 38. Kg2 h5 39. Ne7 d4
40. exd4 Kxd4 41. Nc8 Rxc8 42. Rd1+ Kc3 43. f4 Rf8 44. Kg3 Kc2 45. Rf1 h4+ 46.
Kxh4 Kd2 47. Rf2+ Ke3 48. Rf1 Rh8+ 49. Kg3 Rg8+ 50. Kh3 Rh8+ 51. Kg3 Rg8+ 52.
Kh3 Ke2 53. Rh1 Rf8 54. Kg3 Rg8+ 55. Kh3 Rf8 56. Kg3 Rg8+ 57. Kh3 1/2-1/2

[Event "Junior Online 4NCL Division 3"]
[Site "online"]
[Date "2020.09.03"]
[Round "2.27"]
[White "Kulkarni, Bandish"]
[Black "Siddall, George"]
[Result "1-0"]
[WhiteElo "700"]
[BlackElo "708"]
[PlyCount "33"]
[EventDate "2020.09.03"]
[WhiteTeam "Harrow Juniors F"]
[BlackTeam "Border Bandits 2"]

1. e4 e5 2. Nf3 Nc6 3. Bc4 Nf6 4. d3 h6 5. Nc3 d6 6. Nd5 Nxd5 7. Bxd5 Nd4 8.
Nxd4 exd4 9. Qf3 Be7 10. Qxf7+ Kd7 11. Be6+ Kc6 12. Bd5+ Kd7 13. Qe6+ Ke8 14.
Qg6+ Kd7 15. Bf4 Rf8 16. Bg3 Bh4 17. Qe6# 1-0

[Event "Junior Online 4NCL Division 3"]
[Site "online"]
[Date "2020.09.03"]
[Round "2.28"]
[White "Rees, Jack"]
[Black "Parikh, Aadhya"]
[Result "1-0"]
[WhiteElo "653"]
[BlackElo "700"]
[PlyCount "61"]
[EventDate "2020.09.03"]
[WhiteTeam "Border Bandits 2"]
[BlackTeam "Harrow Juniors F"]

1. e4 h5 2. d4 g5 3. Bc4 Nf6 4. Nc3 Nc6 5. Nf3 e6 6. O-O Bb4 7. a3 Bxc3 8. bxc3
e5 9. Bxg5 d6 10. dxe5 Nxe4 11. Bxd8 Kxd8 12. Re1 Bg4 13. h3 Bxf3 14. Qxf3 Ng5
15. Qf6+ Kd7 16. Qxg5 Rhg8 17. Qxh5 Rh8 18. Qxf7+ Kd8 19. e6 Ne5 20. Qf6+ Ke8
21. Qxh8+ Ke7 22. Qxa8 Nxc4 23. Qg8 Nb6 24. Qf7+ Kd8 25. e7+ Kd7 26. Qe6+ Kc6
27. e8=Q+ Nd7 28. Q8xd7+ Kc5 29. Re5+ Kb6 30. Qb3+ Ka6 31. Qbb5# 1-0

[Event "Junior Online 4NCL Division 3"]
[Site "online"]
[Date "2020.09.03"]
[Round "2.31"]
[White "Bolt, James"]
[Black "Kanodia, Ramit"]
[Result "0-1"]
[WhiteElo "900"]
[BlackElo "900"]
[PlyCount "28"]
[EventDate "2020.09.03"]
[WhiteTeam "Rhodes Avenue Knights"]
[BlackTeam "Dundee City"]

1. e4 e5 2. Nf3 Nc6 3. Bc4 Bc5 4. d3 Nf6 5. Ng5 O-O 6. O-O d6 7. Nc3 h6 8. Nf3
Bg4 9. h3 Bh5 10. b3 Nd4 11. Bb2 Bxf3 12. gxf3 Qd7 13. Ne2 Nxf3+ 14. Kh1 Qxh3#
0-1

[Event "Junior Online 4NCL Division 3"]
[Site "online"]
[Date "2020.09.03"]
[Round "2.32"]
[White "Kanodia, Charvi"]
[Black "Groshong, William"]
[Result "0-1"]
[WhiteElo "703"]
[BlackElo "900"]
[PlyCount "60"]
[EventDate "2020.09.03"]
[WhiteTeam "Dundee City"]
[BlackTeam "Rhodes Avenue Knights"]

1. e4 e5 2. Nf3 Nc6 3. Bc4 Bc5 4. O-O Nf6 5. Nc3 O-O 6. d3 h6 7. h3 d6 8. a3
Na5 9. Bxf7+ Rxf7 10. b4 b6 11. bxc5 bxc5 12. Rb1 Ba6 13. Bd2 Nc6 14. Nd5 Nxd5
15. exd5 Ne7 16. Nh4 Nxd5 17. Qg4 Qf6 18. Rbe1 Bc8 19. Qe4 Nb6 20. Re3 d5 21.
Qxe5 Qxh4 22. Rg3 g5 23. Qe8+ Rf8 24. Qg6+ Kh8 25. Bc3+ d4 26. Bd2 Bf5 27. Bf4
Bxg6 28. Be5+ Kg8 29. Re1 Rae8 30. Rge3 Qxf2+ 0-1

[Event "Junior Online 4NCL Division 3"]
[Site "online"]
[Date "2020.09.03"]
[Round "2.33"]
[White "Crewe, Ben"]
[Black "Barron-Majerik, Alexander"]
[Result "1/2-1/2"]
[WhiteElo "875"]
[BlackElo "221"]
[PlyCount "155"]
[EventDate "2020.09.03"]
[WhiteTeam "Rhodes Avenue Knights"]
[BlackTeam "Dundee City"]

1. e4 e5 2. Nf3 Nc6 3. Bc4 Bc5 4. c3 Nf6 5. d4 exd4 6. cxd4 Bb4+ 7. Bd2 Nxe4 8.
Bxf7+ Kxf7 9. Qb3+ d5 10. Bxb4 Nxb4 11. Qxb4 c6 12. O-O a5 13. Qb3 b5 14. a4
bxa4 15. Qxa4 Bd7 16. Nc3 Ng5 17. Nxg5+ Qxg5 18. Qd1 Bh3 19. Qf3+ Kg6 20. Qxh3
h5 21. Qd3+ Kh6 22. Qe3 Qxe3 23. fxe3 g5 24. Rf6+ Kg7 25. Rxc6 g4 26. h3 gxh3
27. gxh3 Kf7 28. Rc5 Rhg8+ 29. Kh2 h4 30. Rcxa5 Rae8 31. Nxd5 Kf8 32. Ra7 Re6
33. Rc1 Rg5 34. Rc8+ Re8 35. Rxe8+ Kxe8 36. Re7+ Kd8 37. Re5 Rg7 38. b4 Kc8 39.
b5 Kb7 40. b6 Kc6 41. Nb4+ Kxb6 42. d5 Kc5 43. Nd3+ Kd6 44. Re6+ Kxd5 45. Rh6
Ke4 46. Rxh4+ Kxd3 47. e4 Ke3 48. e5 Kf2 49. Rf4+ Ke3 50. Rf8 Re7 51. Rf5 Ke4
52. Rh5 Rxe5 53. Rh4+ Kf5 54. Rh5+ Kf4 55. Rh8 Rg5 56. h4 Rg7 57. h5 Kg5 58. h6
Rf7 59. Kh3 Kh5 60. Kh2 Kh4 61. Kg2 Kg4 62. Rg8+ Kh5 63. Rh8 Kg6 64. Rg8+ Kxh6
65. Kg3 Rf1 66. Kg2 Rf7 67. Rh8+ Kg7 68. Rh5 Kg6 69. Rh4 Kg5 70. Kg3 Re7 71.
Rg4+ Kf5 72. Kf3 Rc7 73. Rd4 Rc3+ 74. Kf2 Ke5 75. Rh4 Kf5 76. Ke2 Kg5 77. Kd2
Kxh4 78. Kxc3 1/2-1/2

[Event "Junior Online 4NCL Division 3"]
[Site "online"]
[Date "2020.09.03"]
[Round "2.34"]
[White "Liu, Haoqi"]
[Black "Larcombe, Dominic"]
[Result "0-1"]
[WhiteElo "200"]
[BlackElo "875"]
[PlyCount "100"]
[EventDate "2020.09.03"]
[WhiteTeam "Dundee City"]
[BlackTeam "Rhodes Avenue Knights"]

1. e4 e5 2. Bc4 Bc5 3. Nf3 Nc6 4. Nc3 Nf6 5. d3 d6 6. Bb5 Bd7 7. Bg5 Bb4 8. a3
Ba5 9. Be3 O-O 10. b4 Bb6 11. Bd2 Ng4 12. Nd5 Bd4 13. c3 Bxf2+ 14. Kf1 Be6 15.
Bxc6 bxc6 16. c4 cxd5 17. cxd5 Bd7 18. b5 Bxb5 19. h3 Bxd3+ 20. Qe2 Bxe2+ 21.
Kxe2 Bc5 22. Rab1 Rb8 23. Ba5 Nf6 24. Rhf1 Bb6 25. Bb4 Nxe4 26. Ke1 Ng3 27. Rf2
Bxf2+ 28. Kd2 Ne4+ 29. Kd3 Nc5+ 30. Ke2 Bd4 31. Kd2 e4 32. Nxd4 Qg5+ 33. Kc3
Qe3+ 34. Kc2 Qxd4 35. Rd1 Qf2+ 36. Kc3 Qxg2 37. Kd4 Nb3+ 38. Kc4 Qc2+ 39. Bc3
Qxd1 40. Bb4 Qc2+ 41. Bc3 Na5+ 42. Kd4 c5+ 43. Ke3 Qxc3+ 44. Kxe4 Rfe8+ 45. Kf5
g6+ 46. Kf4 Qe5+ 47. Kf3 Rb3+ 48. Kg4 Qe4+ 49. Kg5 Re5+ 50. Kh6 Qh4# 0-1

[Event "Junior Online 4NCL Division 3"]
[Site "online"]
[Date "2020.09.03"]
[Round "2.35"]
[White "Kanodia, Ramit"]
[Black "Bolt, James"]
[Result "1-0"]
[WhiteElo "900"]
[BlackElo "900"]
[PlyCount "57"]
[EventDate "2020.09.03"]
[WhiteTeam "Dundee City"]
[BlackTeam "Rhodes Avenue Knights"]

1. e4 e5 2. Nf3 Nc6 3. Bb5 Bc5 4. Nc3 Nf6 5. d3 a6 6. Bxc6 bxc6 7. Nxe5 O-O 8.
Bg5 h6 9. Bh4 d6 10. Ng4 Bxg4 11. Bxf6 Qxf6 12. Qxg4 Qxf2+ 13. Kd1 Be3 14. Qe2
Qf4 15. Rf1 Qg5 16. h4 Qg3 17. Rf3 Qxh4 18. Qxe3 Qh1+ 19. Qe1 Qxg2 20. Rg3 Qh2
21. Ne2 d5 22. Kd2 dxe4 23. Rd1 exd3 24. cxd3 Rab8 25. Kc1 Qh5 26. Nf4 Qc5+ 27.
Qc3 Qf2 28. Nh5 Rfe8 29. Qxg7# 1-0

[Event "Junior Online 4NCL Division 3"]
[Site "online"]
[Date "2020.09.03"]
[Round "2.36"]
[White "Groshong, William"]
[Black "Kanodia, Charvi"]
[Result "1-0"]
[WhiteElo "900"]
[BlackElo "703"]
[PlyCount "63"]
[EventDate "2020.09.03"]
[WhiteTeam "Rhodes Avenue Knights"]
[BlackTeam "Dundee City"]

1. e4 e5 2. Nf3 Nc6 3. d4 d5 4. exd5 Qxd5 5. dxe5 Qxd1+ 6. Kxd1 Bf5 7. Nc3 Nb4
8. Bd3 O-O-O 9. Ne1 Bc5 10. Ke2 Bg4+ 11. Nf3 Ne7 12. h3 Bh5 13. Bg5 f6 14. exf6
gxf6 15. Bxf6 Rhe8 16. Kd2 Bg6 17. Ne5 Rd6 18. Bxe7 Rxe7 19. Nxg6 hxg6 20. a3
Nc6 21. Rhe1 Red7 22. Re8+ Nd8 23. Ne4 Rd5 24. Nf6 c6 25. Nxd5 cxd5 26. Bxg6
Bxf2 27. Bf5 Bh4 28. Bxd7+ Kc7 29. Bg4 Bg5+ 30. Kd3 Nc6 31. Rae1 Bh4 32. R1e6
1-0

[Event "Junior Online 4NCL Division 3"]
[Site "online"]
[Date "2020.09.03"]
[Round "2.37"]
[White "Barron-Majerik, Alexander"]
[Black "Crewe, Ben"]
[Result "1/2-1/2"]
[WhiteElo "221"]
[BlackElo "875"]
[PlyCount "136"]
[EventDate "2020.09.03"]
[WhiteTeam "Dundee City"]
[BlackTeam "Rhodes Avenue Knights"]

1. e4 e5 2. Nf3 Nc6 3. Bc4 Bc5 4. Nc3 Nf6 5. O-O O-O 6. d3 h6 7. a3 d6 8. h3
Na5 9. Bd5 Nxd5 10. Nxd5 c6 11. Nc3 Bb6 12. b4 Be6 13. bxa5 Bxa5 14. Bd2 Qb6
15. Rb1 Qc7 16. d4 exd4 17. Nxd4 Rab8 18. Nf3 Qe7 19. Ne2 Bxd2 20. Qxd2 Bc4 21.
Rb4 Bxe2 22. Qxe2 c5 23. Rbb1 d5 24. e5 f6 25. Rfe1 fxe5 26. Qxe5 Qxe5 27. Nxe5
Rfe8 28. Nd3 Rxe1+ 29. Rxe1 c4 30. Nf4 d4 31. Re4 Rd8 32. Ne2 d3 33. cxd3 cxd3
34. Nc3 d2 35. Re7 d1=Q+ 36. Nxd1 Rxd1+ 37. Kh2 Rd3 38. Rxb7 Rxa3 39. Rb8+ Kh7
40. Rb2 Ra1 41. g4 a5 42. Rc2 a4 43. f4 a3 44. h4 a2 45. g5 hxg5 46. hxg5 Rf1
47. Rxa2 Rxf4 48. Kg3 Rf5 49. Kg4 g6 50. Ra7+ Kg8 51. Ra6 Kg7 52. Ra7+ Kg8 53.
Re7 Rf7 54. Re6 Kg7 55. Kh4 Rf8 56. Re7+ Rf7 57. Rxf7+ Kxf7 58. Kg4 Ke6 59. Kf4
Kf7 60. Ke5 Ke7 61. Kf4 Ke6 62. Ke4 Kf7 63. Kd5 Ke7 64. Ke5 Kf7 65. Kf4 Ke6 66.
Ke4 Kf7 67. Ke5 Ke7 68. Kf4 Ke6 1/2-1/2

[Event "Junior Online 4NCL Division 3"]
[Site "online"]
[Date "2020.09.03"]
[Round "2.38"]
[White "Larcombe, Dominic"]
[Black "Liu, Haoqi"]
[Result "1-0"]
[WhiteElo "875"]
[BlackElo "200"]
[PlyCount "31"]
[EventDate "2020.09.03"]
[WhiteTeam "Rhodes Avenue Knights"]
[BlackTeam "Dundee City"]

1. e4 e5 2. Nf3 Nc6 3. Bc4 Bc5 4. Nc3 Nf6 5. d3 d6 6. O-O Bg4 7. h3 Bxf3 8.
Qxf3 Nh5 9. Qxh5 Rf8 10. Bg5 Qd7 11. Nd5 Nd4 12. Rac1 Ne6 13. Be7 Rg8 14. Qxh7
f5 15. Qxg8+ Nf8 16. Qxf8# 1-0

[Event "Junior Online 4NCL Division 3"]
[Site "online"]
[Date "2020.09.03"]
[Round "2.41"]
[White "Sareen, Rohan"]
[Black "Rahimifard, Cyrus"]
[Result "1-0"]
[WhiteElo "1112"]
[BlackElo "1127"]
[PlyCount "83"]
[EventDate "2020.09.03"]
[WhiteTeam "Warwickshire Bears G"]
[BlackTeam "Leicestershire Juniors 3"]

1. e4 e5 2. Nf3 Nc6 3. Bc4 Nf6 4. Ng5 Bc5 5. Nxf7 Qe7 6. Nxh8 Nxe4 7. Qh5+ g6
8. Qf3 Nf6 9. g4 g5 10. h4 h6 11. hxg5 hxg5 12. Bd3 Nd4 13. Qh3 d6 14. Bc4
Nxc2+ 15. Kd1 Nxa1 16. Bf7+ Kd7 17. Qh7 Nxh7 18. Rxh7 b6 19. Bg6 Qxh7 20. Bxh7
Ba6 21. Bf5+ Kc6 22. Be4+ Kd7 23. Bxa8 Bxf2 24. d4 exd4 25. Bxg5 d3 26. Be4 Nc2
27. Bxd3 Bxd3 28. Kd2 Nb4 29. a3 Na2 30. Kxd3 c5 31. Nf7 Ke8 32. Nxd6+ Kd7 33.
Nb7 Kc6 34. Nd8+ Kd6 35. Bf4+ Kd5 36. Nc3+ Nxc3 37. Kxc3 Bd4+ 38. Kd3 Bxb2 39.
g5 Bxa3 40. g6 a5 41. g7 b5 42. g8=Q# 1-0

[Event "Junior Online 4NCL Division 3"]
[Site "online"]
[Date "2020.09.03"]
[Round "2.42"]
[White "Masood, Rameen"]
[Black "Khashu, Rohan"]
[Result "1-0"]
[WhiteElo "1097"]
[BlackElo "1037"]
[PlyCount "37"]
[EventDate "2020.09.03"]
[WhiteTeam "Leicestershire Juniors 3"]
[BlackTeam "Warwickshire Bears G"]

1. e4 e5 2. Nf3 Nc6 3. Bc4 Bc5 4. d3 h6 5. O-O Nf6 6. Nc3 Ng4 7. Qd2 Bxf2+ 8.
Rxf2 Nxf2 9. Qxf2 O-O 10. Nh4 Nd4 11. Ng6 Re8 12. Qxf7+ Kh7 13. Nd5 Qg5 14.
Bxg5 Nxc2 15. Qxe8 Nxa1 16. Nf8+ Kh8 17. Nxc7 Rb8 18. Ng6+ Kh7 19. Bg8# 1-0

[Event "Junior Online 4NCL Division 3"]
[Site "online"]
[Date "2020.09.03"]
[Round "2.43"]
[White "Murthy, Rishab"]
[Black "Miles, Jacob"]
[Result "1-0"]
[WhiteElo "1030"]
[BlackElo "1022"]
[PlyCount "37"]
[EventDate "2020.09.03"]
[WhiteTeam "Warwickshire Bears G"]
[BlackTeam "Leicestershire Juniors 3"]

1. d4 d5 2. Nf3 Nf6 3. Bf4 Bf5 4. Nc3 Nc6 5. a3 e6 6. Nb5 Bd6 7. Nxd6+ cxd6 8.
Nh4 Nh5 9. Nxf5 Nxf4 10. Nxg7+ Kf8 11. e3 Ng6 12. Nh5 e5 13. Be2 exd4 14. exd4
Ke8 15. O-O Nh4 16. Qd2 Qe7 17. Rfe1 Kf8 18. Qh6+ Kg8 19. Qg7# 1-0

[Event "Junior Online 4NCL Division 3"]
[Site "online"]
[Date "2020.09.03"]
[Round "2.44"]
[White "Abraham, Leo"]
[Black "Patel, Diah Dipal"]
[Result "0-1"]
[WhiteElo "1015"]
[BlackElo "895"]
[PlyCount "24"]
[EventDate "2020.09.03"]
[WhiteTeam "Leicestershire Juniors 3"]
[BlackTeam "Warwickshire Bears G"]

1. e4 e5 2. Nf3 Nc6 3. Bc4 Nf6 4. d3 Bc5 5. O-O O-O 6. Bg5 h6 7. Bxf6 Qxf6 8.
c3 Qg6 9. h3 d6 10. g3 Bxh3 11. Re1 Qxg3+ 12. Kh1 Qg2# 0-1

[Event "Junior Online 4NCL Division 3"]
[Site "online"]
[Date "2020.09.03"]
[Round "2.45"]
[White "Rahimifard, Cyrus"]
[Black "Sareen, Rohan"]
[Result "0-1"]
[WhiteElo "1127"]
[BlackElo "1112"]
[PlyCount "28"]
[EventDate "2020.09.03"]
[WhiteTeam "Leicestershire Juniors 3"]
[BlackTeam "Warwickshire Bears G"]

1. e4 e5 2. Nf3 Nc6 3. Bc4 Nf6 4. Nc3 Bc5 5. O-O Nd4 6. Nxe5 d5 7. Nxd5 Nxd5 8.
Bxd5 c6 9. Nxf7 Qh4 10. Bxc6+ Bd7 11. Nxh8 Bxc6 12. Qf3 Nxf3+ 13. gxf3 Bd6 14.
d3 Qxh2# 0-1

[Event "Junior Online 4NCL Division 3"]
[Site "online"]
[Date "2020.09.03"]
[Round "2.46"]
[White "Khashu, Rohan"]
[Black "Masood, Rameen"]
[Result "1-0"]
[WhiteElo "1037"]
[BlackElo "1097"]
[PlyCount "37"]
[EventDate "2020.09.03"]
[WhiteTeam "Warwickshire Bears G"]
[BlackTeam "Leicestershire Juniors 3"]

1. e4 e6 2. Nc3 Nc6 3. Nf3 d5 4. exd5 exd5 5. d4 Bf5 6. a3 Qe7+ 7. Kd2 O-O-O 8.
Bd3 Bg4 9. h3 Bxf3 10. Qxf3 Qg5+ 11. Kd1 Qe7 12. Re1 Qd7 13. Bf5 Qxf5 14. Qxf5+
Kb8 15. Nxd5 Nxd4 16. Qxf7 Rc8 17. Re8 c6 18. Qc7+ Ka8 19. Qxc8# 1-0

[Event "Junior Online 4NCL Division 3"]
[Site "online"]
[Date "2020.09.03"]
[Round "2.47"]
[White "Miles, Jacob"]
[Black "Murthy, Rishab"]
[Result "0-1"]
[WhiteElo "1022"]
[BlackElo "1030"]
[PlyCount "44"]
[EventDate "2020.09.03"]
[WhiteTeam "Leicestershire Juniors 3"]
[BlackTeam "Warwickshire Bears G"]

1. e4 e5 2. Bc4 Nc6 3. Nf3 Bc5 4. Nc3 Nf6 5. O-O O-O 6. d3 h6 7. a3 Na5 8. b4
Nxc4 9. dxc4 Be7 10. c5 d6 11. cxd6 cxd6 12. h3 a6 13. a4 Qb6 14. Be3 Qxb4 15.
Qd2 Nxe4 16. Qe1 Qxc3 17. Qxc3 Nxc3 18. Ra3 Ne2+ 19. Kh1 d5 20. Nxe5 Bxa3 21.
Ra1 Bb2 22. Ra3 Bxa3 0-1

[Event "Junior Online 4NCL Division 3"]
[Site "online"]
[Date "2020.09.03"]
[Round "2.48"]
[White "Patel, Diah Dipal"]
[Black "Abraham, Leo"]
[Result "1-0"]
[WhiteElo "895"]
[BlackElo "1015"]
[PlyCount "69"]
[EventDate "2020.09.03"]
[WhiteTeam "Warwickshire Bears G"]
[BlackTeam "Leicestershire Juniors 3"]

1. d4 d5 2. c4 c6 3. Nc3 Nf6 4. Nf3 Bf5 5. e3 e6 6. Be2 b6 7. O-O Bd6 8. cxd5
cxd5 9. Bb5+ Nbd7 10. Bc6 Rc8 11. Bb7 Rb8 12. Nb5 Be7 13. Ba6 O-O 14. e4 Nxe4
15. Bf4 Nd6 16. Nxd6 b5 17. Nxb5 Rb6 18. Bc7 Qe8 19. Bxb6 Nxb6 20. Nxa7 Qa8 21.
Ne5 Qxa7 22. Nc6 Qxa6 23. Nxe7+ Kh8 24. g4 Bd3 25. Re1 Nd7 26. Re3 Bb5 27. Rh3
Re8 28. Qb1 g6 29. Nxg6+ fxg6 30. Qxg6 Re7 31. Qh6 Be2 32. Qh4 Rg7 33. Qd8+ Rg8
34. Qxd7 Bxg4 35. Qxh7# 1-0